100 palavras mais utilizadas no ingles - Statistics

Estatísticas Gerais
  • Esse quiz foi jogado 86 vezes
  • A pontuação média é 71 de 100
Estatísticas das Respostas
Portugues Ingles % Correto
eu i
100%
um, uma a
99%
não no
99%
o, a, os, as the
99%
você you
97%
quem who
96%
ir go
95%
ser, estar be
94%
dia day
94%
ele he
94%
novo new
94%
em, sobre on
94%
ela she
92%
o que what
92%
meu | would my
91%
para to
91%
nós we
91%
ou or
90%
este, isto this
90%
sim yes
90%
fazer do
88%
bom good
88%
quando when
88%
gostar like
87%
dois two
87%
um, uma an
86%
primeiro first
86%
um one
86%
eles they
86%
mas but
84%
me, mim me
84%
tempo time
83%
trabalho work
83%
ano year
83%
pessoas people
82%
então so
82%
e and
81%
ver see
81%
ter have
79%
dela her
79%
nós us
79%
voltar back
78%
para for
78%
usar use
77%
depois after
75%
todos all
75%
como how
75%
agora now
75%
dizer say
75%
querer want
75%
com with
75%
então then
74%
fora out
73%
seu your
73%
porque because
70%
isso, ele, ela it
69%
nosso our
69%
pensar think
69%
se if
68%
caminho way
68%
poder can
66%
dar give
66%
olhar look
66%
acima, subir up
66%
não not
65%
de of
65%
outro other
65%
que, isso that
65%
there
65%
alguns some
64%
vir come
62%
qual which
61%
dele his
60%
saber know
58%
fazer, criar make
57%
estes these
57%
apenas only
55%
qualquer any
53%
dele him
52%
deles their
52%
iria | irá will
51%
sobre about
49%
por by
49%
pegar take
49%
conseguir, obter get
48%
apenas just
48%
eles them
48%
bem well
44%
como as
42%
de, desde from
42%
em at
39%
também also
35%
maior, mais, maioria most
31%
do que than
29%
sobre, acima over
25%
até, mesmo even
22%
dele, dela its
13%
em, dentro into
6%
Nenhum quiz correspondente encontrado
Distribuição das Pontuações
Porcentagem de Pessoas com Cada Pontuação
Percentil de Números Respondidos
Sua Pontuação Histórica
Você não jogou esse quiz